Normal view
MARC view
- Tchobanoglous, George.
Entry Personal Name
001 - CONTROL NUMBER
- control field: 4906
003 - CONTROL NUMBER IDENTIFIER
- control field: NUST
005 - DATE AND TIME OF LATEST TRANSACTION
- control field: 20170922155629.0
008 - FIXED-LENGTH DATA ELEMENTS
- fixed length control field: 170922|| aca||aabn | a|a d
040 ## - CATALOGING SOURCE
- Original cataloging agency: NUST
- Transcribing agency: NUST
100 ## - HEADING--PERSONAL NAME
- Personal name: Tchobanoglous, George.
670 ## - SOURCE DATA FOUND
- Source citation: Work cat.: (NUST)0: Crites, Ron. 4903, Small and decentralized wastewater management systems /, c1998.
